Manhattan Island purchase letter, (Record no. 41308)

MARC details
000 -LEADER
fixed length control field 00720cpcaa22002177a 4500
001 - CONTROL NUMBER
control field mm 79003391
003 - CONTROL NUMBER IDENTIFIER
control field DLC
005 - DATE AND TIME OF LATEST TRANSACTION
control field 20260227111643.0
008 - FIXED-LENGTH DATA ELEMENTS--GENERAL INFORMATION
fixed length control field 790820|||||||||||| dut
010 ## - LIBRARY OF CONGRESS CONTROL NUMBER
LC control number mm 79003391
040 ## - CATALOGING SOURCE
Original cataloging agency DLC
Transcribing agency DLC
Description conventions dacs
Modifying agency DLC
072 #7 - SUBJECT CATEGORY CODE
Subject category code C
Source lcmd
245 00 - TITLE STATEMENT
Title Manhattan Island purchase letter,
Inclusive dates circa 1626.
300 ## - PHYSICAL DESCRIPTION
Extent 1
Type of unit item.
506 0# - RESTRICTIONS ON ACCESS NOTE
Terms governing access Open to research.
533 ## - REPRODUCTION NOTE
Type of reproduction Facsimile.
Place of reproduction [S.l.].
546 ## - LANGUAGE NOTE
Language note Collection material in Dutch.
580 ## - LINKING ENTRY COMPLEXITY NOTE
Linking entry complexity note Forms part of: Miscellaneous Manuscripts collection.
651 #0 - SUBJECT ADDED ENTRY--GEOGRAPHIC NAME
Geographic name Manhattan (New York, N.Y.)
General subdivision History.

No items available.

Powered by Koha